00735nam a2200217Ia 4500003000900000008004100009020001800050040001600068080001500084100003400099245010300133250001200236260003900248300001500287650002000302650004100322650001600363942000700379999001500386952011600401IN-BaIIA211028s9999 xx 000 0 eng d a0-486-60753-4 cIIA Library a534.3bHEL aHelmholtz, Hermann L. F97024 0aOn the sensations of tone as a physiological basis for the theory of musiccHermann L.F. Helmholtz a2nd ed. aNew YorkbDover Publicationsc1954 axix, 576p. aAcoustics92250 aAstronomy and astrophysics thesaurus aMusic97025 cBK c3961d3961 00104070aBANbBANcGENd1972-08-09g33.75l0o534.3/ HELp4423r2021-11-05v33.75w1972-08-09yBKGRs. 33.75